[Event "4NCL Individual Rapid 10m+10s"]
[Site "Daventry"]
[Date "2013.10.06"]
[Round "3.6"]
[White "Josse, Mark"]
[Black "Freeman, Richard C P"]
[Result "1/2-1/2"]
[WhiteElo "2173"]
[BlackElo "2030"]
[PlyCount "142"]
[EventDate "2013.10.06"]
[EventType "swiss (rapid)"]
[EventRounds "7"]
[EventCountry "ENG"]

1. d4 g6 2. e4 Bg7 3. c4 d6 4. Nc3 e5 5. Nge2 Ne7 6. Be3 O-O 7. f3 f5 8. dxe5
Bxe5 9. Qd2 Be6 10. Nd4 Bc8 11. O-O-O Nbc6 12. h4 f4 13. Bf2 h6 14. Be2 Kg7 15.
Kb1 Nxd4 16. Bxd4 Nc6 17. Bf2 Be6 18. Rdg1 Qf6 19. Nd5 Bxd5 20. exd5 Nd4 21.
Bd3 Nf5 22. Qc2 a6 23. Be4 Rf7 24. Re1 b5 25. c5 dxc5 26. Bxc5 Bd6 27. h5 g5
28. Bxf5 Qxf5 29. Qxf5 Rxf5 30. Bxd6 cxd6 31. Re7+ Rf7 32. Re6 Rf6 33. Rhe1
Raf8 34. Kc2 Rxe6 35. Rxe6 Rf6 36. Re8 Rf5 37. Ra8 Rxd5 38. Rxa6 Rc5+ 39. Kd3
Rd5+ 40. Ke4 Rd2 41. b4 Rxg2 42. Kf5 d5 43. Ra7+ Kf8 44. Kf6 Re2 45. Rd7 Ke8
46. Rxd5 Rxa2 47. Kg6 Ra3 48. Kxh6 Rxf3 49. Kxg5 Rf1 50. Rxb5 f3 51. Rf5 f2 52.
Kf6 Rh1 53. Rxf2 Rxh5 54. Rd2 Rh7 55. Ke5 Re7+ 56. Kf4 Rf7+ 57. Ke4 Re7+ 58.
Kf3 Rf7+ 59. Ke2 Rd7 60. Rc2 Kd8 61. Ke3 Re7+ 62. Kd4 Rd7+ 63. Ke5 Re7+ 64. Kf6
Rc7 65. Ra2 Kc8 66. Ke6 Kb7 67. Kd6 Rc1 68. Ra5 Kb6 69. Rc5 Rd1+ 70. Rd5 Rxd5+
71. Kxd5 Kb5 1/2-1/2

[Event "4NCL Individual Rapid 10m+10s"]
[Site "Daventry"]
[Date "2013.10.06"]
[Round "3.7"]
[White "Lunn, Matthew"]
[Black "Adebajo, Olufemi"]
[Result "1-0"]
[WhiteElo "2045"]
[BlackElo "1971"]
[PlyCount "93"]
[EventDate "2013.10.06"]
[EventType "swiss (rapid)"]
[EventRounds "7"]
[EventCountry "ENG"]

1. d4 d5 2. c4 Bf5 3. cxd5 Bxb1 4. Qa4+ c6 5. Rxb1 Qxd5 6. Nf3 Nd7 7. a3 Qe4 8.
Nd2 Qg6 9. g3 Ngf6 10. Bg2 e6 11. O-O Nb6 12. Qb3 Be7 13. a4 Rb8 14. e4 O-O 15.
a5 Nbd7 16. Ra1 h5 17. Re1 h4 18. Nf1 hxg3 19. hxg3 e5 20. dxe5 Ng4 21. Bf4 Bc5
22. Ne3 Bxe3 23. Bxe3 Ndxe5 24. Bxa7 Qh5 25. Bxb8 Rxb8 26. a6 b5 27. a7 Ra8 28.
f4 Nc4 29. Qd3 Qh2+ 30. Kf1 Nxb2 31. Qf3 Nc4 32. Qxg4 Nd2+ 33. Kf2 Qh6 34. Red1
Qd6 35. Qe2 Qc5+ 36. Qe3 Qxe3+ 37. Kxe3 Nc4+ 38. Kd4 Nb2 39. Rdc1 Na4 40. Rxc6
Rxa7 41. Rc8+ Kh7 42. e5 Rd7+ 43. Ke3 g6 44. Rh1+ Kg7 45. Rhh8 f5 46. Rcg8+ Kf7
47. Rh7+ 1-0

[Event "4NCL Individual Rapid 10m+10s"]
[Site "Daventry"]
[Date "2013.10.06"]
[Round "3.8"]
[White "Foley, John P"]
[Black "Maroroa, Sue"]
[Result "1-0"]
[WhiteElo "2018"]
[BlackElo "2130"]
[PlyCount "47"]
[EventDate "2013.10.06"]
[EventType "swiss (rapid)"]
[EventRounds "7"]
[EventCountry "ENG"]

1. d4 Nf6 2. Nf3 e6 3. Bg5 d5 4. e3 Be7 5. Bd3 h6 6. Bh4 g5 7. Bg3 Nh5 8. c4
Bb4+ 9. Nc3 Nxg3 10. hxg3 Bxc3+ 11. bxc3 dxc4 12. Bxc4 Nd7 13. Qb3 c6 14. e4
Qe7 15. e5 c5 16. Nd2 f5 17. Bxe6 Nxe5 18. Bxc8 Rxc8 19. dxe5 Qxe5+ 20. Kf1 Qd6
21. Re1+ Kf8 22. Nf3 g4 23. Ne5 Re8 24. Qf7# 1-0

[Event "4NCL Individual Rapid 10m+10s"]
[Site "Daventry"]
[Date "2013.10.06"]
[Round "4.1"]
[White "Jones, Gawain CB"]
[Black "Hebden, Mark"]
[Result "1-0"]
[WhiteElo "2638"]
[BlackElo "2548"]
[PlyCount "133"]
[EventDate "2013.10.06"]
[EventType "swiss (rapid)"]
[EventRounds "7"]
[EventCountry "ENG"]

1. c4 g6 2. Nc3 Bg7 3. d4 Nf6 4. e4 d6 5. f3 O-O 6. Be3 Nc6 7. Nge2 a6 8. Qd2
Na5 9. Ng3 b5 10. Bh6 Bxh6 11. Qxh6 e5 12. dxe5 dxe5 13. h4 c6 14. h5 Qe7 15.
Qg5 Nd5 16. Qxe7 Nxe7 17. b4 Nxc4 18. Bxc4 bxc4 19. a4 Be6 20. Ke2 Rfd8 21.
Rhd1 Rd4 22. Rd2 Kf8 23. Rad1 c5 24. b5 axb5 25. axb5 Ra3 26. Rc1 Nc8 27. Ra2
Rb3 28. hxg6 hxg6 29. Ke1 Nd6 30. Ra5 Ke7 31. Nge2 Rd3 32. Ra7+ Kf6 33. Ra5 Kg5
34. Rc2 Bd7 35. b6 Nb7 36. Ra6 Be6 37. Na4 Ra3 38. Ra7 Rdb3 39. Nac3 Nd6 40.
Kf2 Kf6 41. Rxa3 Rxa3 42. Nb5 Rb3 43. Nxd6 Rxb6 44. Nxc4 Rc6 45. Ne3 Kg7 46. g4
Kh6 47. Nc1 f6 48. Nd3 c4 49. Nb4 Rc5 50. Rd2 Kg5 51. Rd6 Bf7 52. Rd7 Be8 53.
Rd5 Rc8 54. Kg3 Kh6 55. Rd6 Kg7 56. g5 fxg5 57. Rd5 Bf7 58. Rxe5 c3 59. Rxg5
Bb3 60. Nf5+ Kh7 61. Rxg6 Rb8 62. Rh6+ Kg8 63. Nd3 Bc4 64. Rg6+ Kh7 65. Rg7+
Kh8 66. Ne5 Rb6 67. Ng6+ 1-0

[Event "4NCL Individual Rapid 10m+10s"]
[Site "Daventry"]
[Date "2013.10.06"]
[Round "4.2"]
[White "Pitcher, John"]
[Black "Wall, Gavin"]
[Result "0-1"]
[WhiteElo "2246"]
[BlackElo "2333"]
[PlyCount "98"]
[EventDate "2013.10.06"]
[EventType "swiss (rapid)"]
[EventRounds "7"]
[EventCountry "ENG"]
[TimeControl "900+105"]
[WhiteClock "0:02:32"]
[BlackClock "0:01:53"]

1. e4 e5 2. Bc4 Nf6 3. d3 Nc6 4. Nf3 h6 5. O-O d6 6. a4 g6 7. Re1 Bg7 8. Nbd2
O-O 9. Ba2 Kh7 10. Nc4 Nh5 11. Ne3 Nf4 12. Nd5 Nxd5 13. exd5 Ne7 14. d4 exd4
15. Nxd4 Nf5 16. Nf3 Re8 17. c3 Rxe1+ 18. Qxe1 Nh4 19. Nd4 Bxd4 20. cxd4 Qf6
21. Qc3 Bf5 22. Qe3 g5 23. Bd2 Bd7 24. Rc1 Re8 25. Qc3 Re2 26. Be1 Qf4 27. Bc4
Qg4 28. Qg3 Rxb2 29. Bd3+ Kg7 30. Qxg4 Bxg4 31. f3 Bf5 32. Bxf5 Nxf5 33. Rxc7
Ne3 34. Bg3 Rxg2+ 35. Kh1 Ra2 36. Kg1 Rg2+ 37. Kh1 Rb2 38. Kg1 Nxd5 39. Rd7 Nc3
40. a5 Ne2+ 41. Kf1 Nxd4 42. Rxd6 Nxf3 43. h3 f6 44. Rd7+ Kg6 45. a6 bxa6 46.
Rxa7 Ra2 47. Bf2 Nd2+ 48. Kg1 Ne4 49. Bd4 h5 0-1

[Event "4NCL Individual Rapid 10m+10s"]
[Site "Daventry"]
[Date "2013.10.06"]
[Round "4.3"]
[White "Talsma, Paul"]
[Black "Smerdon, David"]
[Result "0-1"]
[WhiteElo "2192"]
[BlackElo "2523"]
[PlyCount "96"]
[EventDate "2013.10.06"]
[EventType "swiss (rapid)"]
[EventRounds "7"]
[EventCountry "ENG"]
[TimeControl "900+140"]
[WhiteClock "0:02:34"]
[BlackClock "0:01:35"]

1. d4 e6 2. c4 f5 3. e3 Nf6 4. Bd3 c6 5. Qc2 d5 6. f4 Ne4 7. Nf3 Bd6 8. O-O O-O
9. b3 Qe7 10. Nbd2 a5 11. a3 b6 12. Ne5 Bb7 13. Ndf3 Nd7 14. Nxd7 Qxd7 15. Ne5
Qe7 16. Bb2 Kh8 17. Qe2 Bxe5 18. fxe5 c5 19. Bxe4 fxe4 20. a4 Rac8 21. Rxf8+
Qxf8 22. Rf1 Qe8 23. Qf2 Kg8 24. dxc5 bxc5 25. Bc3 dxc4 26. bxc4 Ba6 27. Bxa5
Bxc4 28. Rc1 Qxa4 29. Bb6 Qb4 30. Qc2 Qxb6 31. Qxc4 h6 32. h3 Rd8 33. Kh2 Rd5
34. Qxe4 Qb2 35. Rf1 Qxe5+ 36. Qf4 g5 37. Qg3 c4 38. e4 Qxg3+ 39. Kxg3 Rc5 40.
Rc1 Kf7 41. Kf3 Kf6 42. Ke3 Ke5 43. Rc3 h5 44. g3 g4 45. hxg4 hxg4 46. Rc1 c3
47. Rh1 c2 48. Kd2 c1=Q+ 0-1

[Event "4NCL Individual Rapid 10m+10s"]
[Site "Daventry"]
[Date "2013.10.06"]
[Round "4.4"]
[White "Mason, Donald J"]
[Black "Merry, Alan B"]
[Result "0-1"]
[WhiteElo "2204"]
[BlackElo "2297"]
[PlyCount "56"]
[EventDate "2013.10.06"]
[EventType "swiss (rapid)"]
[EventRounds "7"]
[EventCountry "ENG"]
[TimeControl "900+130"]
[WhiteClock "0:00:20"]
[BlackClock "0:00:24"]

1. e4 e6 2. d4 d5 3. Nd2 c5 4. exd5 exd5 5. Ngf3 Nc6 6. Bb5 Qe7+ 7. Be2 Nf6 8.
O-O Qc7 9. Re1 Be6 10. Bb5 c4 11. c3 Bd6 12. b3 a6 13. Bxc6+ Qxc6 14. Ne5 Qc7
15. bxc4 dxc4 16. Ndxc4 Be7 17. Ba3 Nd5 18. Bxe7 Nxe7 19. Ne3 Qxc3 20. Rc1 Qa5
21. d5 Rd8 22. Qf3 Nxd5 23. N5c4 Qc5 24. Ne5 Qe7 25. Nf5 Qf6 26. Qa3 Qxf5 27.
Rc7 Nxc7 28. Nc6 bxc6 0-1

[Event "4NCL Individual Rapid 10m+10s"]
[Site "Daventry"]
[Date "2013.10.06"]
[Round "4.5"]
[White "Snape, Ian L"]
[Black "Bhatia, Kanwal"]
[Result "0-1"]
[WhiteElo "2218"]
[BlackElo "2039"]
[PlyCount "82"]
[EventDate "2013.10.06"]
[EventType "swiss (rapid)"]
[EventRounds "7"]
[EventCountry "ENG"]

1. e4 e5 2. f4 d5 3. exd5 c6 4. Nc3 exf4 5. Nf3 Bd6 6. Bc4 Ne7 7. d4 O-O 8. O-O
Bg4 9. Ne4 cxd5 10. Nxd6 Qxd6 11. Bd3 Ng6 12. c3 Nd7 13. Qc2 Rae8 14. Bd2 Nf6
15. Ne5 f3 16. Nxf3 Ne4 17. Rae1 f5 18. Bc1 Qc6 19. c4 Kh8 20. b3 Bxf3 21. Rxf3
Ng5 22. Rff1 Rxe1 23. Rxe1 Ne4 24. cxd5 Qxd5 25. Qc4 Qa5 26. b4 Qb6 27. Bxe4
fxe4 28. Be3 Qf6 29. Rf1 Qxf1+ 30. Qxf1 Rxf1+ 31. Kxf1 Ne7 32. a3 Nd5 33. Bg5
Kg8 34. Ke2 Kf7 35. g4 Ke6 36. Bd2 Nb6 37. b5 Kd5 38. Bc1 g6 39. Be3 Kc4 40.
Bf4 Kxd4 41. Bb8 Kc4 0-1

[Event "4NCL Individual Rapid 10m+10s"]
[Site "Daventry"]
[Date "2013.10.06"]
[Round "4.6"]
[White "Zakarian, David"]
[Black "Lunn, Matthew"]
[Result "1-0"]
[WhiteElo "2408"]
[BlackElo "2045"]
[PlyCount "55"]
[EventDate "2013.10.06"]
[EventType "swiss (rapid)"]
[EventRounds "7"]
[EventCountry "ENG"]
[TimeControl "900+130"]
[WhiteClock "0:04:04"]

1. e4 c5 2. Nf3 Nc6 3. Bb5 g6 4. O-O Bg7 5. c3 Nf6 6. d4 cxd4 7. cxd4 Nxe4 8.
d5 Nb8 9. Re1 Nd6 10. Bd3 O-O 11. Nc3 Na6 12. Bg5 Bf6 13. Bh6 Bg7 14. Bxg7 Kxg7
15. Rc1 b6 16. Bb1 Bb7 17. Qd4+ Kg8 18. h4 Nc7 19. Rcd1 Nce8 20. h5 Nf6 21. h6
Rc8 22. Ne5 Rc5 23. b4 Nb5 24. Nxb5 Rxb5 25. d6 exd6 26. Nxd7 Nh5 27. Qxd6 Re8
28. Nf6+ 1-0

[Event "4NCL Individual Rapid 10m+10s"]
[Site "Daventry"]
[Date "2013.10.06"]
[Round "4.7"]
[White "Basman, Michael"]
[Black "Harvey, Marcus R"]
[Result "0-1"]
[WhiteElo "2340"]
[BlackElo "2232"]
[PlyCount "67"]
[EventDate "2013.10.06"]
[EventType "swiss (rapid)"]
[EventRounds "7"]
[EventCountry "ENG"]
[TimeControl "900+75"]
[WhiteClock "0:03:39"]
[BlackClock "0:06:20"]

1. g4 e5 2. Bg2 h5 3. gxh5 d5 4. c4 d4 5. d3 Rxh5 6. Nd2 Nf6 7. Nf1 c5 8. Ng3
Rh8 9. Qa4+ Bd7 10. Qb3 Nc6 11. Bd2 Qc7 12. a3 Be7 13. Qc2 a5 14. Nf3 Nh5 15.
O-O-O f5 16. e3 O-O-O 17. exd4 exd4 18. Rde1 Nf4 19. Bxf4 Qxf4+ 20. Kb1 Bd6 21.
h4 Rde8 22. Rxe8+ Rxe8 23. Qb3 Qg4 24. Ng5 Bxg3 25. fxg3 Qxg3 26. Bd5 Re1+ 27.
Rxe1 Qxe1+ 28. Ka2 Qxh4 29. Nf7 Qf6 30. Qc2 Ne7 31. Qh2 Nxd5 32. Nd6+ Kd8 33.
Nxb7+ Ke7 34. cxd5 0-1

[Event "4NCL Individual Rapid 10m+10s"]
[Site "Daventry"]
[Date "2013.10.06"]
[Round "4.8"]
[White "Okike, David"]
[Black "Emerson, Roger"]
[Result "0-1"]
[WhiteElo "2152"]
[BlackElo "2214"]
[PlyCount "84"]
[EventDate "2013.10.06"]
[EventType "swiss (rapid)"]
[EventRounds "7"]
[EventCountry "ENG"]
[TimeControl "900+135"]
[WhiteClock "0:01:48"]
[BlackClock "0:01:44"]

1. e4 e6 2. d4 d5 3. Nc3 Nf6 4. e5 Nfd7 5. f4 c5 6. Nf3 Nc6 7. Be3 Qb6 8. Na4
Qa5+ 9. c3 cxd4 10. b4 Nxb4 11. cxb4 Bxb4+ 12. Bd2 Bxd2+ 13. Nxd2 b6 14. Qb3 g5
15. g3 gxf4 16. gxf4 Rg8 17. Qb5 Rg4 18. Qxa5 bxa5 19. Bd3 Rxf4 20. Bxh7 Nxe5
21. Nc5 Bd7 22. a4 Rc8 23. Ndb3 Ke7 24. Rd1 f5 25. Rg1 Rh8 26. Nxd7 Nf3+ 27.
Ke2 Nxg1+ 28. Rxg1 Rxh7 29. Ndc5 Rxh2+ 30. Kd1 e5 31. Nxa5 Rff2 32. Nab3 Rb2
33. Kc1 d3 34. Nxd3 Rxb3 35. Nxe5 Kd6 36. Ng6 Rbb2 37. Nf4 Rhc2+ 38. Kd1 Rb1+
39. Kxc2 Rxg1 40. Nd3 Rg4 41. Kb3 a5 42. Nf2 Rg3+ 0-1

[Event "4NCL Individual Rapid 10m+10s"]
[Site "Daventry"]
[Date "2013.10.06"]
[Round "4.1"]
[White "Mayhew, Andrew"]
[Black "Taylor, Mark V"]
[Result "1/2-1/2"]
[WhiteElo "2058"]
[BlackElo "2087"]
[PlyCount "104"]
[EventDate "2013.10.06"]
[EventType "swiss (rapid)"]
[EventRounds "7"]
[EventCountry "ENG"]

1. d4 e6 2. c4 f5 3. g3 Nf6 4. Bg2 Be7 5. Nf3 O-O 6. O-O d6 7. Nc3 a5 8. Re1
Ne4 9. Qd3 Nc6 10. Nxe4 Nb4 11. Qb1 fxe4 12. Qxe4 e5 13. Qb1 Bf5 14. e4 Bg4 15.
Re3 Bxf3 16. Rxf3 Rxf3 17. Bxf3 exd4 18. Bg2 d3 19. a3 Nc2 20. Ra2 Bf6 21. Bf1
Ne1 22. Be3 Nf3+ 23. Kg2 Ne5 24. Bxd3 Qe8 25. f3 Qh5 26. Be2 Rf8 27. Qd1 Qf7
28. Qd5 Nc6 29. b3 Re8 30. Rd2 Kf8 31. Qxf7+ Kxf7 32. Rd5 Ra8 33. f4 a4 34. b4
Nxb4 35. Rb5 Nc2 36. Kf3 b6 37. e5 dxe5 38. fxe5 Be7 39. Bd3 Nxe3 40. Kxe3 Bxa3
41. Be4 Bc5+ 42. Kd3 Rd8+ 43. Bd5+ Ke7 44. Kc3 a3 45. Rb1 Rf8 46. Rd1 Rf2 47.
h4 Rb2 48. Ra1 Bb4+ 49. Kd3 Rd2+ 50. Ke4 a2 51. c5 Bxc5 52. Rxa2 Rxa2 1/2-1/2

[Event "4NCL Individual Rapid 10m+10s"]
[Site "Daventry"]
[Date "2013.10.06"]
[Round "4.2"]
[White "Hall, John"]
[Black "Sowray, Peter J"]
[Result "1-0"]
[WhiteElo "2269"]
[BlackElo "2335"]
[PlyCount "99"]
[EventDate "2013.10.06"]
[EventType "swiss (rapid)"]
[EventRounds "7"]
[EventCountry "ENG"]
[TimeControl "900+130"]
[WhiteClock "0:07:01"]
[BlackClock "0:00:50"]

1. e4 c6 2. d4 d5 3. exd5 cxd5 4. c4 Nf6 5. Nc3 Nc6 6. Bg5 dxc4 7. Bxc4 h6 8.
Be3 e6 9. Nf3 Be7 10. O-O O-O 11. Qd2 Ng4 12. Bf4 e5 13. dxe5 Qxd2 14. Nxd2
Ngxe5 15. Nd5 Nxc4 16. Nxe7+ Nxe7 17. Nxc4 Be6 18. Nd6 Ng6 19. Bg3 Bd5 20. Rfd1
Bc6 21. b4 Ba4 22. Rd4 f5 23. b5 Bxb5 24. Nxb5 f4 25. Nc7 Rac8 26. Ne6 fxg3 27.
Nxf8 gxh2+ 28. Kxh2 Rxf8 29. f3 Rf5 30. a4 Ra5 31. Rb1 b6 32. Rb5 Ra6 33. Rg4
Kf7 34. Kg3 Kf6 35. Rd5 Ne5 36. Re4 Nf7 37. f4 g6 38. Rd7 h5 39. Kf3 g5 40. g3
Ra5 41. Ree7 g4+ 42. Kf2 Nd6 43. Rxa7 Rxa4 44. Rxa4 Kxe7 45. Ra7+ Kf6 46. Rh7
Kg6 47. Rc7 Ne4+ 48. Kg2 Kf5 49. Re7 h4 50. Re5+ 1-0

[Event "4NCL Individual Rapid 10m+10s"]
[Site "Daventry"]
[Date "2013.10.06"]
[Round "4.3"]
[White "Pritchett, Craig W"]
[Black "Foley, John P"]
[Result "1-0"]
[WhiteElo "2359"]
[BlackElo "2018"]
[PlyCount "87"]
[EventDate "2013.10.06"]
[EventType "swiss (rapid)"]
[EventRounds "7"]
[EventCountry "ENG"]
[TimeControl "900+130"]
[WhiteClock "0:01:59"]
[BlackClock "0:00:34"]

1. Nf3 Nf6 2. c4 c5 3. Nc3 Nc6 4. d4 cxd4 5. Nxd4 g6 6. e4 d6 7. Be2 Bg7 8. Be3
O-O 9. O-O Bd7 10. Qd2 Nxd4 11. Bxd4 Bc6 12. f3 Nd7 13. Rfd1 Bxd4+ 14. Qxd4 Qb6
15. Qxb6 Nxb6 16. Rac1 Rac8 17. b3 f5 18. exf5 gxf5 19. Kf2 Kg7 20. Rd4 Rf6 21.
Rcd1 Re8 22. R1d2 Rh6 23. h3 Rf8 24. f4 Rg6 25. Bf3 Kf6 26. g4 fxg4 27. hxg4
Bxf3 28. Kxf3 h6 29. f5 Rg7 30. Rh2 Rh8 31. Re4 Kf7 32. Nd5 Nxd5 33. cxd5 Rg5
34. Rhe2 Re8 35. Kf4 Rg7 36. Re6 Rh7 37. Rh2 Reh8 38. Rc2 h5 39. g5 Rg7 40. Rc7
Re8 41. Rxd6 Kg8 42. Rdd7 h4 43. f6 h3 44. fxg7 1-0

[Event "4NCL Individual Rapid 10m+10s"]
[Site "Daventry"]
[Date "2013.10.06"]
[Round "4.4"]
[White "McGann, Gary"]
[Black "Healey, Michael W"]
[Result "0-1"]
[WhiteElo "2128"]
[BlackElo "2091"]
[PlyCount "82"]
[EventDate "2013.10.06"]
[EventType "swiss (rapid)"]
[EventRounds "7"]
[EventCountry "ENG"]

1. d4 Nf6 2. Nf3 d6 3. Bf4 h6 4. Nc3 g5 5. Bg3 Bg7 6. e4 c6 7. Qd2 b5 8. Bd3
Qb6 9. Ne2 Nbd7 10. e5 dxe5 11. dxe5 Nd5 12. e6 Nc5 13. exf7+ Kxf7 14. Ne5+ Kg8
15. Bg6 Be6 16. Nd4 Rf8 17. Nxe6 Nxe6 18. Nd7 Qd8 19. Nxf8 Nxf8 20. Bd3 Bxb2
21. O-O Bxa1 22. Rxa1 Nd7 23. Qe2 e5 24. Bxe5 Nxe5 25. Qxe5 Qf6 26. Qe8+ Kg7
27. Qd7+ Qf7 28. Qxc6 Rf8 29. Rf1 Rb8 30. Qd6 Rb6 31. Qe5+ Kg8 32. c4 Nf4 33.
Be4 Re6 34. Qb8+ Re8 35. Qb7 Qxc4 36. Qh7+ Kf8 37. Qxh6+ Kf7 38. Qh7+ Kf6 39.
Qh6+ Kf7 40. Bf3 Rc8 41. Qh7+ Kf6 0-1

[Event "4NCL Individual Rapid 10m+10s"]
[Site "Daventry"]
[Date "2013.10.06"]
[Round "4.5"]
[White "Deighton, Simon"]
[Black "Josse, Mark"]
[Result "0-1"]
[WhiteElo "1986"]
[BlackElo "2173"]
[PlyCount "56"]
[EventDate "2013.10.06"]
[EventType "swiss (rapid)"]
[EventRounds "7"]
[EventCountry "ENG"]
[TimeControl "900+205"]
[WhiteClock "0:00:41"]
[BlackClock "0:00:46"]

1. d4 d5 2. c4 dxc4 3. e4 c5 4. d5 b5 5. a4 Nf6 6. axb5 Nxe4 7. Bxc4 Nd7 8. Nf3
Nb6 9. b3 Bb7 10. Be3 Nxd5 11. Bxd5 Bxd5 12. O-O e6 13. Qc2 Be7 14. Nc3 Nxc3
15. Qxc3 Bf6 16. Qxc5 Bxa1 17. Rxa1 Qe7 18. b4 Qxc5 19. bxc5 Rb8 20. Nd4 g6 21.
Bf4 Rc8 22. c6 f6 23. Bd6 e5 24. Ne2 Rd8 25. Bc5 a6 26. Rxa6 Bxc6 27. Nc3 Ra8
28. Nd5 Bxd5 0-1

[Event "4NCL Individual Rapid 10m+10s"]
[Site "Daventry"]
[Date "2013.10.06"]
[Round "4.6"]
[White "Coleman, James"]
[Black "Meadows, Michael"]
[Result "1-0"]
[WhiteElo "2127"]
[BlackElo "1764"]
[PlyCount "93"]
[EventDate "2013.10.06"]
[EventType "swiss (rapid)"]
[EventRounds "7"]
[EventCountry "ENG"]

1. d4 d5 2. c4 c6 3. Nf3 Nf6 4. Nc3 e6 5. Bg5 Nbd7 6. e3 Be7 7. Rc1 h6 8. Bh4
O-O 9. Bd3 b6 10. O-O Bb7 11. cxd5 exd5 12. Bxf6 Nxf6 13. Ne5 c5 14. Bb1 Rc8
15. Qd3 cxd4 16. exd4 Bd6 17. Ng4 Ne4 18. f3 Qh4 19. fxe4 Qxg4 20. e5 g6 21.
exd6 Rc4 22. h3 Qxd4+ 23. Qxd4 Rxd4 24. Rfd1 Rb4 25. b3 d4 26. Ne2 Rd8 27. Rxd4
Rxd4 28. Nxd4 Rxd6 29. Nf3 Bxf3 30. gxf3 Rd2 31. a4 Kg7 32. Be4 Rd7 33. Kf2 Kf6
34. Ke3 g5 35. Rc6+ Kg7 36. b4 Re7 37. Kd4 h5 38. a5 bxa5 39. bxa5 f6 40. a6
Rd7+ 41. Ke3 Re7 42. Kf2 g4 43. hxg4 hxg4 44. Rc3 gxf3 45. Bxf3 Kh6 46. Rb3 Re6
47. Be2 1-0

[Event "4NCL Individual Rapid 10m+10s"]
[Site "Daventry"]
[Date "2013.10.06"]
[Round "4.7"]
[White "Freeman, Richard C P"]
[Black "Chan, Nevil"]
[Result "1/2-1/2"]
[WhiteElo "2030"]
[BlackElo "2027"]
[PlyCount "105"]
[EventDate "2013.10.06"]
[EventType "swiss (rapid)"]
[EventRounds "7"]
[EventCountry "ENG"]

1. d4 Nc6 2. Nf3 d5 3. Bf4 Bg4 4. Nbd2 e6 5. e3 Bd6 6. Bg3 h5 7. Be2 h4 8. Bxd6
Qxd6 9. h3 Bf5 10. c3 Nf6 11. Bb5 a6 12. Ba4 Nd7 13. Bc2 Bxc2 14. Qxc2 e5 15.
dxe5 Ndxe5 16. O-O-O Qg6 17. Qxg6 Nxg6 18. Nb3 O-O-O 19. Rd2 Nce5 20. Nxe5 Nxe5
21. Rhd1 c6 22. Nc5 a5 23. Rd4 b6 24. Nd3 Nxd3+ 25. R1xd3 Rde8 26. Rg4 Rh7 27.
Rdd4 Reh8 28. e4 dxe4 29. Rgxe4 g6 30. Re7 Rd8 31. Rxd8+ Kxd8 32. Rb7 b5 33. b3
Rh5 34. Rxf7 Rg5 35. Rf4 Rxg2 36. Rxh4 Rxf2 37. Rg4 Rxa2 38. Rxg6 Kc7 39. h4
Rh2 40. Rh6 Kb6 41. h5 a4 42. bxa4 bxa4 43. Rh8 Kc5 44. h6 Kc4 45. h7 Kxc3 46.
Kb1 c5 47. Rc8 Rxh7 48. Rxc5+ Kb3 49. Rb5+ Ka3 50. Ka1 Rh3 51. Rb8 Rh1+ 52. Rb1
Rh2 53. Rb8 1/2-1/2

[Event "4NCL Individual Rapid 10m+10s"]
[Site "Daventry"]
[Date "2013.10.06"]
[Round "5.1"]
[White "Wall, Gavin"]
[Black "Jones, Gawain CB"]
[Result "1/2-1/2"]
[WhiteElo "2333"]
[BlackElo "2638"]
[PlyCount "104"]
[EventDate "2013.10.06"]
[EventType "swiss (rapid)"]
[EventRounds "7"]
[EventCountry "ENG"]
[TimeControl "900+180"]
[WhiteClock "0:04:14"]
[BlackClock "0:00:50"]

1. e4 c5 2. Nf3 d6 3. Bb5+ Bd7 4. a4 Nf6 5. d3 g6 6. O-O Bg7 7. Re1 O-O 8. Nbd2
Nc6 9. Nc4 Rc8 10. Bg5 Bg4 11. c3 d5 12. exd5 Qxd5 13. Bxc6 Rxc6 14. Nce5 Bxf3
15. Nxc6 bxc6 16. Qxf3 Qxg5 17. Rxe7 a5 18. Rae1 Nd5 19. Ra7 Qd2 20. Qe2 Qxe2
21. Rxe2 Nf4 22. Rd2 Bh6 23. Kf1 Rd8 24. Rxa5 Nxd3 25. Rd1 c4 26. Ra6 c5 27.
Rb6 Bc1 28. b3 cxb3 29. Rxb3 c4 30. Rb5 Ra8 31. a5 Bf4 32. g3 Bc7 33. Ra1 Ra6
34. Ra4 Kg7 35. Rxc4 Rxa5 36. Rxa5 Bxa5 37. Ke2 Nb2 38. Rc6 Na4 39. Kd3 Bxc3
40. Rxc3 Nxc3 41. Kxc3 Kf6 42. Kd3 Kf5 43. f3 Ke5 44. Ke3 g5 45. Kd3 h5 46. Ke3
g4 47. Kd3 f5 48. Ke3 f4+ 49. gxf4+ Kf5 50. fxg4+ hxg4 51. Kf2 Kxf4 52. Ke1 Ke5
1/2-1/2

[Event "4NCL Individual Rapid 10m+10s"]
[Site "Daventry"]
[Date "2013.10.06"]
[Round "5.2"]
[White "Smerdon, David"]
[Black "Bhatia, Kanwal"]
[Result "1-0"]
[WhiteElo "2523"]
[BlackElo "2039"]
[PlyCount "71"]
[EventDate "2013.10.06"]
[EventType "swiss (rapid)"]
[EventRounds "7"]
[EventCountry "ENG"]
[TimeControl "900+165"]
[WhiteClock "0:00:53"]
[BlackClock "0:00:21"]

1. e4 e5 2. Nf3 Nc6 3. d4 exd4 4. Bc4 Nf6 5. O-O Bc5 6. e5 d5 7. exf6 dxc4 8.
fxg7 Rg8 9. Bg5 Be7 10. Bxe7 Kxe7 11. Re1+ Kf6 12. Re4 Qd5 13. Nc3 Qc5 14. Nxd4
Kxg7 15. Nxc6 bxc6 16. Qe2 Be6 17. Re5 Qe7 18. Qxc4 Kh8 19. Qd4 Rg7 20. g3 Rd8
21. Qe3 Qf6 22. Re1 Bd5 23. Re8+ Rxe8 24. Qxe8+ Rg8 25. Qe5 Kg7 26. Nxd5 cxd5
27. Qxc7 Qxb2 28. Qxa7 Qc3 29. Qe3 Rc8 30. Qg5+ Kh8 31. Re7 Rg8 32. Qxd5 Qa1+
33. Kg2 Qc3 34. Rxf7 Re8 35. Rxh7+ Kxh7 36. Qh5+ 1-0

[Event "4NCL Individual Rapid 10m+10s"]
[Site "Daventry"]
[Date "2013.10.06"]
[Round "5.3"]
[White "Merry, Alan B"]
[Black "Pritchett, Craig W"]
[Result "1-0"]
[WhiteElo "2297"]
[BlackElo "2359"]
[PlyCount "115"]
[EventDate "2013.10.06"]
[EventType "swiss (rapid)"]
[EventRounds "7"]
[EventCountry "ENG"]

1. e4 c5 2. g3 Nc6 3. Bg2 e6 4. Ne2 Nf6 5. O-O a6 6. c4 Be7 7. Nbc3 O-O 8. d4
cxd4 9. Nxd4 Qc7 10. b3 d6 11. Bb2 Bd7 12. Rc1 Qa5 13. Qd2 Rfd8 14. Rfd1 Nxd4
15. Qxd4 Bc6 16. Qd2 Qh5 17. a4 Rac8 18. Ba3 Bf8 19. h3 b6 20. Qe3 Rb8 21. Rd2
b5 22. cxb5 axb5 23. axb5 Bxb5 24. Rcd1 Ne8 25. e5 Ba6 26. Na4 Bb7 27. Bxd6
Bxg2 28. Kxg2 Nxd6 29. exd6 Qb5 30. Rd3 h6 31. Qe4 Rb7 32. Nb2 Rbd7 33. Nc4 Qa6
34. Qf4 f6 35. Qe4 e5 36. Qd5+ Kh8 37. b4 Rc8 38. b5 Qa7 39. Qe6 Qb7+ 40. Kh2
Qxb5 41. Ne3 Rcd8 42. Nf5 Qb6 43. R3d2 Kh7 44. h4 g6 45. Ne3 Rxd6 46. Rxd6 Rxd6
47. Qf7+ Bg7 48. h5 gxh5 49. Rxd6 Qxd6 50. Qxg7+ Kxg7 51. Nf5+ Kg6 52. Nxd6 f5
53. Kh3 Kf6 54. Nf7 e4 55. Nxh6 Ke5 56. Kh4 f4 57. Kxh5 f3 58. Kg4 1-0

[Event "4NCL Individual Rapid 10m+10s"]
[Site "Daventry"]
[Date "2013.10.06"]
[Round "5.4"]
[White "Hebden, Mark"]
[Black "Hall, John"]
[Result "1-0"]
[WhiteElo "2548"]
[BlackElo "2269"]
[PlyCount "31"]
[EventDate "2013.10.06"]
[EventType "swiss (rapid)"]
[EventRounds "7"]
[EventCountry "ENG"]
[TimeControl "900+60"]
[WhiteClock "0:08:18"]
[BlackClock "0:06:47"]

1. d4 Nf6 2. Nf3 c5 3. d5 b5 4. Bg5 Ne4 5. Bf4 Bb7 6. a4 Qb6 7. axb5 a6 8. e3
axb5 9. Rxa8 Bxa8 10. Qd3 Nd6 11. e4 c4 12. Qd4 Qa5+ 13. Nc3 b4 14. Nd1 e6 15.
Bxc4 Nxc4 16. Qxc4 1-0